00515nam a22001457a 450000500170000000800410001702000150005804100130007308200140008610000340010024501500013426000360028430000240032065000250034420231103090007.0231103b |||||||| |||| 00| 0 eng d a0409018767 aEnglish  a346.6 CIL aCilliers, HS et al. lEnglish aCilliers and Benade 1986 Supplement Company Law 1985 Noter-up : bincluding commentary on the Close Corporations Act 1984 / cHS Cilliers et al. aDurban : bButterworths, c1986 b11 pages ; c24 cm. aLegal practice bLaw